[Event "4NCL-9899A RIC-BCM"]
[Site "Rd1-Warwick"]
[Date "1998.10.24"]
[Round "1.7"]
[White "Franklin, Michael"]
[Black "Bellin, Jana"]
[Result "1-0"]
[WhiteElo "2235"]
[BlackElo "2170"]
[PlyCount "95"]
[EventDate "1998.10.24"]

1. d4 Nf6 2. Nf3 e6 3. e3 b6 4. Nbd2 Bb7 5. Bd3 c5 6. O-O Nc6 7. c3 Be7 8. Re1
d5 9. dxc5 Bxc5 10. h3 O-O 11. e4 h6 12. e5 Nd7 13. Nb3 Qc7 14. Qe2 Be7 15.
Nbd4 Nc5 16. Bc2 Ba6 17. Nb5 Bxb5 18. Qxb5 Rfd8 19. Qe2 Rac8 20. Nd4 Nd7 21.
Nxc6 Qxc6 22. Qg4 Qc4 23. Qg3 Qh4 24. Qd3 g6 25. Bd2 Bg5 26. Rad1 Bxd2 27. Qxd2
Qg5 28. f4 Qh4 29. Kh2 Kg7 30. g3 Qe7 31. g4 Rc4 32. Bd3 Rc7 33. Qf2 f5 34.
exf6+ Qxf6 35. Qe3 Nc5 36. g5 Qf7 37. gxh6+ Kh7 38. Bc2 Rf8 39. Rd4 Rc6 40. Rg1
Ne4 41. Bxe4 dxe4 42. Qxe4 Rc7 43. Rg5 Kxh6 44. Qe3 Kh7 45. f5 exf5 46. Rh4+
Kg8 47. Qe5 Qg7 48. Qe6+ 1-0

[Event "4NCL-9899A SL-NWE"]
[Site "Rd1-Warwick"]
[Date "1998.10.24"]
[Round "1.2"]
[White "Littlewood, John"]
[Black "Miles, Anthony"]
[Result "0-1"]
[WhiteElo "2295"]
[BlackElo "2590"]
[PlyCount "42"]
[EventDate "1998.10.24"]

1. e4 Nc6 2. d3 e5 3. Nf3 Nf6 4. Be2 d5 5. exd5 Nxd5 6. O-O Be7 7. a3 O-O 8. b4
Bf6 9. Ra2 Bf5 10. c4 Nf4 11. Bxf4 exf4 12. b5 Nd4 13. Nxd4 Qxd4 14. Qc1 Rad8
15. Nd2 Bxd3 16. Nf3 Qe4 17. Re1 Qf5 18. Bxd3 Rxd3 19. Rae2 Rc3 20. Qd1 Rxa3
21. Nd4 Qd3 0-1

[Event "4NCL-9899A SL-NWE"]
[Site "Rd1-Warwick"]
[Date "1998.10.24"]
[Round "1.3"]
[White "Lalic, Bogdan"]
[Black "Kennaugh, Charles"]
[Result "1-0"]
[WhiteElo "2560"]
[BlackElo "2290"]
[PlyCount "89"]
[EventDate "1998.10.24"]

1. c4 e5 2. Nc3 Bb4 3. Nd5 a5 4. Nf3 d6 5. a3 Bc5 6. d3 c6 7. Nc3 Bg4 8. e3 Qe7
9. Be2 Nd7 10. Rb1 Ngf6 11. h3 Bh5 12. O-O O-O 13. e4 Bxf3 14. Bxf3 Rfd8 15. g3
Nf8 16. Kh2 Ne6 17. Bg2 h6 18. f4 Bb6 19. f5 Nd4 20. g4 Nh7 21. b3 Rd7 22. Bd2
Bd8 23. Be1 Qf8 24. h4 Bf6 25. Qd2 Qd8 26. Kh3 Rb8 27. a4 Qe7 28. Rb2 Ra8 29.
Qe3 Ra6 30. Bf3 Qd8 31. Bd1 Be7 32. Rg2 Kf8 33. Rfg1 f6 34. Rb2 Qb6 35. Kh2 Qc5
36. Qh3 Rd8 37. Bd2 Raa8 38. g5 fxg5 39. hxg5 Nxg5 40. Bxg5 Bxg5 41. Rxg5 hxg5
42. Qh7 Nxf5 43. Qxf5+ Kg8 44. Qe6+ Kh8 45. Kh1 1-0

[Event "4NCL-9899A SL-NWE"]
[Site "Rd1-Warwick"]
[Date "1998.10.24"]
[Round "1.5"]
[White "Turner, Matthew"]
[Black "Lund, Brett"]
[Result "1-0"]
[WhiteElo "2475"]
[BlackElo "2295"]
[PlyCount "58"]
[EventDate "1998.10.24"]

1. c4 g6 2. Nc3 Bg7 3. g3 d6 4. Bg2 Nf6 5. e4 c5 6. Nge2 Nc6 7. d3 O-O 8. O-O
Rb8 9. a3 Bd7 10. Rb1 a5 11. h3 Ne8 12. Be3 Nd4 13. b4 axb4 14. axb4 b6 15. f4
f5 16. exf5 gxf5 17. Qd2 Nc7 18. bxc5 bxc5 19. Rxb8 Qxb8 20. Rb1 Qc8 21. Bf2
Nxe2+ 22. Nxe2 Ne6 23. Nc3 Nd4 24. Nb5 Qe8 25. Nxd4 cxd4 26. Rb6 Qc8 27. Qb2
Qc5 28. Rb7 Rd8 29. Qe2 Bf6 1-0

[Event "4NCL-9899A SL-NWE"]
[Site "Rd1-Warwick"]
[Date "1998.10.24"]
[Round "1.6"]
[White "James, Dale"]
[Black "Winants, Luc"]
[Result "0-1"]
[WhiteElo "2225"]
[BlackElo "2450"]
[PlyCount "66"]
[EventDate "1998.10.24"]

1. e4 e5 2. Nf3 Nc6 3. Bb5 Nge7 4. Nc3 a6 5. Ba4 d6 6. d4 Bd7 7. d5 Nb8 8. Bb3
g6 9. h4 h6 10. Be3 Bg7 11. Qd2 a5 12. a4 Na6 13. O-O-O f5 14. g3 b6 15. Nh2
Nc5 16. f3 Ng8 17. h5 gxh5 18. Nf1 Nf6 19. Bxc5 bxc5 20. Ne3 fxe4 21. Nxe4 O-O
22. Kb1 Qe8 23. Bc4 Rb8 24. Qxa5 Rb4 25. c3 Rb7 26. Bb5 Bxb5 27. axb5 Nxe4 28.
fxe4 Rxb5 29. Qxc7 Rf2 30. Nc4 Rbxb2+ 31. Nxb2 Qb5 32. Qc8+ Bf8 33. Qe6+ Kh8
0-1

[Event "4NCL-9899A SL-NWE"]
[Site "Rd1-Warwick"]
[Date "1998.10.24"]
[Round "1.7"]
[White "Smith, Andrew P"]
[Black "Longson, Alex"]
[Result "1-0"]
[WhiteElo "2290"]
[BlackElo "2135"]
[PlyCount "71"]
[EventDate "1998.10.24"]

1. e4 c5 2. Nf3 d6 3. d4 cxd4 4. Nxd4 Nf6 5. Nc3 a6 6. Bg5 e6 7. Be2 Be7 8. O-O
O-O 9. Qd3 Nbd7 10. Rad1 Qc7 11. Qg3 b6 12. f4 Bb7 13. Bf3 Kh8 14. e5 dxe5 15.
fxe5 Ng8 16. Bf4 Bc5 17. Bxb7 Qxb7 18. Kh1 Ne7 19. Bg5 Ng6 20. Nf3 b5 21. h4
Ne7 22. Bxe7 Bxe7 23. Ng5 Bxg5 24. hxg5 Nc5 25. Rd4 Rad8 26. Rh4 Rd2 27. Qh2 h6
28. gxh6 g6 29. Rg4 Qe7 30. h7 b4 31. Nb1 Rxc2 32. Qh6 Nd7 33. Qf4 a5 34. Rd1
Rxb2 35. Rxd7 Rxb1+ 36. Kh2 1-0

[Event "4NCL-9899A SL-NWE"]
[Site "Rd1-Warwick"]
[Date "1998.10.24"]
[Round "1.8"]
[White "Ford, Elise"]
[Black "Houska, Jovanka"]
[Result "0-1"]
[WhiteElo "1840"]
[BlackElo "2190"]
[PlyCount "49"]
[EventDate "1998.10.24"]

1. e4 d5 2. exd5 Qxd5 3. Nc3 Qa5 4. d4 Nf6 5. Nf3 c6 6. Bd3 Bg4 7. h3 Bh5 8.
Bd2 Nbd7 9. Qe2 e6 10. g4 Bg6 11. Ne5 Bxd3 12. Nxd3 O-O-O 13. O-O-O h5 14. Kb1
Qc7 15. Ne5 Nb6 16. Bg5 hxg4 17. Nxg4 Be7 18. Ne5 Bd6 19. Qf3 Bxe5 20. dxe5
Qxe5 21. h4 Nbd5 22. Nxd5 Rxd5 23. Rde1 Qf5 24. Qg3 Ne4 25. Qe3 {time} 0-1

[Event "4NCL-9899A WES-BIG"]
[Site "Rd1-Warwick"]
[Date "1998.10.24"]
[Round "1.1"]
[White "Webb, Richard"]
[Black "Rowson, Jonathan"]
[Result "1-0"]
[WhiteElo "2340"]
[BlackElo "2495"]
[PlyCount "103"]
[EventDate "1998.10.24"]

1. e4 c5 2. Nf3 e6 3. d3 d5 4. Nbd2 Nc6 5. g3 Bd6 6. Bg2 Nge7 7. O-O O-O 8. Re1
Bc7 9. c3 b6 10. exd5 exd5 11. d4 Bg4 12. h3 Bh5 13. Nb3 c4 14. Nbd2 b5 15. b3
Rb8 16. Ba3 Bd6 17. Bxd6 Qxd6 18. g4 Bg6 19. Ne5 b4 20. Qf3 cxb3 21. axb3 bxc3
22. Qxc3 a5 23. Qc5 Rfd8 24. Nxc6 Nxc6 25. Re8+ Rxe8 26. Qxd6 Nxd4 27. Qxd5 Nc2
28. Rxa5 Rbd8 29. Qg5 h6 30. Qf4 Rd4 31. Qc7 Rxd2 32. Ra8 Rxa8 33. Bxa8 Nd4 34.
b4 Kh7 35. Bg2 Rb2 36. Qe7 Nc2 37. f4 f5 38. gxf5 Bxf5 39. Be4 Nd4 40. Bxf5+
Nxf5 41. Qe4 g6 42. Qb7+ Kg8 43. b5 Rb1+ 44. Kf2 Rb2+ 45. Ke1 Kf8 46. b6 Nd6
47. Qd7 Rb1+ 48. Ke2 Rb2+ 49. Kd1 Nc4 50. Qc8+ Ke7 51. Qxc4 Rxb6 52. Qc7+ 1-0

[Event "4NCL-9899A WES-BIG"]
[Site "Rd1-Warwick"]
[Date "1998.10.24"]
[Round "1.3"]
[White "Corkett, Anthony"]
[Black "Arkell, Keith"]
[Result "0-1"]
[WhiteElo "2240"]
[BlackElo "2475"]
[PlyCount "132"]
[EventDate "1998.10.24"]

1. Nf3 b5 2. a4 b4 3. c4 c5 4. b3 Bb7 5. Bb2 Nf6 6. e3 g6 7. d4 cxd4 8. exd4
Bg7 9. Nbd2 O-O 10. Bd3 d5 11. O-O Nc6 12. Re1 e6 13. Qc2 Rc8 14. c5 Rc7 15.
Rad1 Qc8 16. Nf1 Ba6 17. Bb5 Ne4 18. Ng3 f5 19. Nxe4 fxe4 20. Ng5 Bb7 21. Bxc6
Rxc6 22. Qd2 Bh6 23. h4 a5 24. Bc1 Bg7 25. f4 Qd8 26. g3 Bc8 27. Kh2 Rc7 28.
Qe2 Bf6 29. Be3 h6 30. Nh3 Rh7 31. Rf1 Qd7 32. Qb5 Qa7 33. Rf2 Bd8 34. Qe2 Qd7
35. Qf1 g5 36. fxg5 Rxf2+ 37. Qxf2 e5 38. Ng1 hxg5 39. Rf1 Qg7 40. dxe5 gxh4
41. g4 Bc7 42. Bd4 Bxe5+ 43. Bxe5 Qxe5+ 44. Kh1 Qe7 45. Qd4 Bb7 46. Rf6 Rf7 47.
Rh6 Rh7 48. Rf6 Qe8 49. Ne2 e3 50. Nf4 Qe4+ 51. Qxe4 dxe4 52. c6 Bc8 53. g5 Rf7
54. Rxf7 Kxf7 55. Kg2 e2 56. Kf2 h3 57. Nxe2 Kg6 58. Ng3 e3+ 59. Kxe3 Kxg5 60.
Kf2 Kf4 61. Nf1 Ke5 62. Ne3 Be6 63. c7 Kd6 64. c8=Q Bxc8 65. Nc4+ Kc5 66. Nxa5
Ba6 0-1

[Event "4NCL-9899A WES-BIG"]
[Site "Rd1-Warwick"]
[Date "1998.10.24"]
[Round "1.4"]
[White "Kelly, Brian"]
[Black "Upton, Ian"]
[Result "1-0"]
[WhiteElo "2405"]
[BlackElo "2225"]
[PlyCount "79"]
[EventDate "1998.10.24"]

1. d4 f5 2. g3 Nf6 3. Bg2 e6 4. Nf3 Be7 5. O-O O-O 6. c4 d5 7. b3 Nc6 8. Ba3
Bxa3 9. Nxa3 Qe7 10. Qc1 Bd7 11. Nc2 Be8 12. Qe3 Rd8 13. Nce1 Ng4 14. Qf4 dxc4
15. bxc4 e5 16. dxe5 Ngxe5 17. Nxe5 Qxe5 18. Qxe5 Nxe5 19. Bxb7 Nxc4 20. Nf3
Na5 21. Rab1 Rf6 22. Rfc1 Rb6 23. Rxb6 cxb6 24. Bc8 Bf7 25. Bxf5 Bxa2 26. Rc7
g6 27. Bd3 Bd5 28. Ne5 Rd6 29. Rxa7 Be6 30. Re7 Bf5 31. Bxf5 gxf5 32. Rf7 b5
33. Rxf5 b4 34. Nd3 Nc6 35. Rb5 Nd4 36. Rb8+ Kg7 37. Rb7+ Kh6 38. Nf4 b3 39.
Kg2 Rc6 40. e3 1-0

[Event "4NCL-9899A WES-BIG"]
[Site "Rd1-Warwick"]
[Date "1998.10.24"]
[Round "1.5"]
[White "Noyce, Robert"]
[Black "Webster, Andrew"]
[Result "0-1"]
[WhiteElo "2155"]
[BlackElo "2420"]
[PlyCount "64"]
[EventDate "1998.10.24"]

1. Nf3 Nf6 2. g3 d5 3. Bg2 c6 4. O-O Bg4 5. d3 e6 6. Nbd2 a5 7. e4 a4 8. a3 Qc7
9. Qe2 Na6 10. h3 Bh5 11. g4 Bg6 12. Nh4 Bd6 13. Nxg6 hxg6 14. Nf3 dxe4 15.
dxe4 e5 16. b4 axb3 17. cxb3 Nc5 18. Nd2 Ne6 19. Nc4 Bc5 20. Be3 Bd4 21. Bxd4
Nxd4 22. Qb2 b5 23. Ne3 Qb6 24. Rfe1 Nd7 25. Nc2 Ne6 26. Rad1 f6 27. Nb4 Nd4
28. Ra1 Nc5 29. Re3 g5 30. Rc3 Nce6 31. Nd3 c5 32. Rac1 Rc8 {time} 0-1

[Event "4NCL-9899A WES-BIG"]
[Site "Rd1-Warwick"]
[Date "1998.10.24"]
[Round "1.6"]
[White "Hunt, Harriet"]
[Black "Brameld, Arthur"]
[Result "1-0"]
[WhiteElo "2400"]
[BlackElo "2115"]
[PlyCount "73"]
[EventDate "1998.10.24"]

1. e4 Nf6 2. e5 Nd5 3. d4 d6 4. c4 Nb6 5. exd6 cxd6 6. Nc3 g6 7. Be3 Bg7 8. Rc1
O-O 9. b3 Nc6 10. d5 Ne5 11. Be2 f5 12. Nf3 a5 13. O-O Nbd7 14. Na4 b6 15. Ng5
Nc5 16. f4 Nf7 17. Ne6 Bxe6 18. dxe6 Nh6 19. Bf3 Rb8 20. Kh1 Kh8 21. Bd5 Ng4
22. Bg1 Rg8 23. Nc3 Qc8 24. Nb5 Bf6 25. Nd4 Qf8 26. Rc3 Qg7 27. Rh3 Rgf8 28. a3
a4 29. b4 Nb3 30. Nxb3 axb3 31. Rxb3 Rfc8 32. Qd3 Qh6 33. h3 Bg7 34. a4 Rc7 35.
a5 bxa5 36. bxa5 Rbc8 37. a6 1-0

[Event "4NCL-9899A WES-BIG"]
[Site "Rd1-Warwick"]
[Date "1998.10.24"]
[Round "1.7"]
[White "Tunks, Dominic"]
[Black "Baker, Chris W"]
[Result "0-1"]
[WhiteElo "2048"]
[BlackElo "2390"]
[PlyCount "78"]
[EventDate "1998.10.24"]

1. e4 e5 2. Nf3 Nc6 3. Bb5 a6 4. Ba4 Nf6 5. Bxc6 dxc6 6. d3 Qd6 7. Nbd2 Be6 8.
b3 Be7 9. Bb2 Nd7 10. Nf1 O-O-O 11. Qd2 f6 12. Ng3 Bg4 13. Qe3 Qb4+ 14. c3 Qc5
15. h3 Qxe3+ 16. fxe3 Bxf3 17. gxf3 Nc5 18. d4 Nd3+ 19. Ke2 Nxb2 20. a3 exd4
21. exd4 c5 22. Ke3 cxd4+ 23. cxd4 Bc5 24. dxc5 Rd3+ 25. Ke2 Rxb3 26. Rhb1 Rb5
27. Nf5 Na4 28. Rxb5 axb5 29. Rc1 g6 30. Nd4 c6 31. f4 Re8 32. Kf3 Rd8 33. Ke3
Nb2 34. Ra1 Kd7 35. Ra2 Na4 36. Rc2 Ke7 37. Kd3 f5 38. exf5 Kf6 39. Re2 Nxc5+ {
time} 0-1

[Event "4NCL-9899A WES-BIG"]
[Site "Rd1-Warwick"]
[Date "1998.10.24"]
[Round "1.8"]
[White "Ferguson, Mark"]
[Black "Howard, Emily"]
[Result "1-0"]
[WhiteElo "2410"]
[BlackElo "2050"]
[PlyCount "59"]
[EventDate "1998.10.24"]

1. e4 c6 2. d4 d5 3. e5 Bf5 4. Nf3 e6 5. Be2 Nd7 6. O-O Ne7 7. Nh4 Bg6 8. Nd2
Nf5 9. Nxg6 hxg6 10. Nf3 Be7 11. g3 Qb6 12. c3 O-O-O 13. Kg2 Rh7 14. a4 Rdh8
15. a5 Qd8 16. a6 b6 17. Rh1 g5 18. Ne1 f6 19. exf6 Nxf6 20. Bxg5 Ne4 21. Bxe7
Qxe7 22. Qd3 Qg5 23. Nf3 Qg4 24. Ne5 Qh3+ 25. Kg1 Nfxg3 26. fxg3 Nxg3 27. Bg4
Qh4 28. Qg6 Nxh1 29. Qxe6+ Kb8 30. Qd6+ 1-0

[Event "4NCL-9899A WG-HH"]
[Site "Rd1-Warwick"]
[Date "1998.10.24"]
[Round "1.2"]
[White "Norwood, David"]
[Black "Emms, John"]
[Result "1/2-1/2"]
[WhiteElo "2535"]
[BlackElo "2585"]
[PlyCount "96"]
[EventDate "1998.10.24"]

1. g3 c5 2. c4 g6 3. d4 cxd4 4. Qxd4 Nf6 5. Nc3 Bg7 6. Bg2 Nc6 7. Qd2 O-O 8.
Nh3 Na5 9. Qd3 Qc7 10. b3 d5 11. cxd5 Bf5 12. Qd2 Ne4 13. Nxe4 Bxe4 14. Bxe4
Bc3 15. Bb2 Bxd2+ 16. Kxd2 Qb6 17. Bc3 Rac8 18. Rac1 Rfd8 19. Nf4 Nc6 20. Nd3
Nd4 21. Bg2 Rxc3 22. Rxc3 Qa5 23. Rhc1 Qxa2+ 24. Ke3 Nf5+ 25. Kf3 Nd4+ 26. Ke3
Nxe2 27. Rc8 Rxc8 28. Rxc8+ Kg7 29. Rc7 Ng1 30. Rxb7 a5 31. Be4 f5 32. Bf3 Nxf3
33. Kxf3 Qa3 34. Ke3 Kf6 35. Rb6+ Kg7 36. Rb7 Kf6 37. Rb6+ Kf7 38. Kd4 Qa1+ 39.
Kc4 a4 40. Ra6 a3 41. Ra7 a2 42. d6 Ke8 43. d7+ Kd8 44. Nc5 Qf1+ 45. Kd5 Qd1+
46. Kc6 Qd6+ 47. Kb5 Qb8+ 48. Kc6 Qd6+ 1/2-1/2

[Event "4NCL-9899A WG-HH"]
[Site "Rd1-Warwick"]
[Date "1998.10.24"]
[Round "1.3"]
[White "Ward, Chris"]
[Black "Hennigan, Michael"]
[Result "0-1"]
[WhiteElo "2505"]
[BlackElo "2430"]
[PlyCount "147"]
[EventDate "1998.10.24"]

1. d4 Nf6 2. c4 g6 3. Nc3 Bg7 4. e4 d6 5. f3 O-O 6. Nge2 a6 7. Be3 Nc6 8. Qd2
Rb8 9. Nc1 e5 10. d5 Nd4 11. N1e2 Nxe2 12. Bxe2 Nh5 13. O-O-O f5 14. c5 Kh8 15.
Kb1 b6 16. cxb6 cxb6 17. Rc1 b5 18. Bd3 Nf6 19. h3 f4 20. Ba7 Rb7 21. Bf2 Bd7
22. Ne2 Ne8 23. Rc2 Bf6 24. b4 Bh4 25. Bxh4 Qxh4 26. Nc1 Qd8 27. Nb3 Qb6 28.
Rhc1 Rc7 29. Na5 Rxc2 30. Qxc2 Nf6 31. Qc7 Qd4 32. Qc3 Qb6 33. Qc7 Qd4 34. Qc3
Qf2 35. Qc2 Qe3 36. Qe2 Qb6 37. a3 Kg7 38. Rc3 Rc8 39. Rxc8 Bxc8 40. Qc2 Bd7
41. Nb3 Qe3 42. Nc1 Ne8 43. Qe2 Qg1 44. Qf1 Qb6 45. Qe1 Nf6 46. Kc2 g5 47. Ne2
Kh6 48. Qg1 Qxg1 49. Nxg1 Kh5 50. Kd2 Kh4 51. Ke1 Kg3 52. Kf1 h5 53. a4 bxa4
54. Bxa6 a3 55. Ne2+ Kh2 56. Nc3 Ne8 57. Bc4 Nc7 58. Kf2 Bb5 59. Bb3 Bd3 60.
Ba2 Kh1 61. Bb3 Na6 62. b5 Nc5 63. b6 Ba6 64. Ba2 Kh2 65. Bb1 Nd7 66. b7 Bxb7
67. Nb5 Ba6 68. Nxa3 Nc5 69. Ba2 Nd3+ 70. Kf1 Nb2+ 71. Kf2 Nd1+ 72. Ke1 Ne3 73.
Kf2 Bf1 74. h4 0-1

[Event "4NCL-9899A WG-HH"]
[Site "Rd1-Warwick"]
[Date "1998.10.24"]
[Round "1.5"]
[White "Littlewood, Paul"]
[Black "Tozer, Richard"]
[Result "0-1"]
[WhiteElo "2430"]
[BlackElo "2305"]
[PlyCount "106"]
[EventDate "1998.10.24"]

1. d4 d5 2. c4 c6 3. cxd5 cxd5 4. Nc3 Nf6 5. Bf4 Nc6 6. e3 Bf5 7. Bd3 Bxd3 8.
Qxd3 e6 9. Nf3 Be7 10. O-O O-O 11. h3 Rc8 12. Rac1 a6 13. Rfd1 b5 14. a4 b4 15.
Ne2 Qb6 16. Bg5 h6 17. Bxf6 Bxf6 18. Nd2 e5 19. Nb3 exd4 20. exd4 Bg5 21. Rc2
Ne7 22. Rc5 Rfd8 23. g3 h5 24. h4 Bh6 25. Nec1 g6 26. Rxc8 Rxc8 27. Nc5 Nf5 28.
N1b3 Rc6 29. Re1 Bg7 30. Re8+ Kh7 31. Ra8 Nxd4 32. Rxa6 Qc7 33. Nxd4 Rxc5 34.
Nf3 Bxb2 35. Ng5+ Kh8 36. Qe3 Kg7 37. Nxf7 Rc1+ 38. Kh2 Qxf7 39. Qd2 Ba3 40.
Qd4+ Kh7 41. Ra8 Qg7 42. Qxd5 Rc7 43. a5 Qf7 44. Qd4 Qg7 45. Qd5 Bb2 46. a6 Bd4
47. Rb8 Bxf2 48. Rb7 Bc5 49. Kh3 Qe7 50. Rxc7 Qxc7 51. Qe6 Bd4 52. Qe4 Qd7+ 53.
Kg2 b3 0-1

[Event "4NCL-9899A WG-HH"]
[Site "Rd1-Warwick"]
[Date "1998.10.24"]
[Round "1.6"]
[White "Hassabis, Demis"]
[Black "Pein, Malcolm"]
[Result "0-1"]
[WhiteElo "2176"]
[BlackElo "2425"]
[PlyCount "76"]
[EventDate "1998.10.24"]

1. c4 e6 2. Nc3 d5 3. cxd5 exd5 4. d4 Nf6 5. Bg5 Be7 6. e3 c6 7. Bd3 O-O 8.
Nge2 Nbd7 9. Ng3 h6 10. Bf4 Nb6 11. O-O Re8 12. Nh5 Be6 13. Nxf6+ Bxf6 14. Bc2
Bg5 15. Be5 Nc4 16. b3 Nd6 17. Qb1 Be7 18. Ne2 Qd7 19. Ng3 Bf8 20. Bh7+ Kh8 21.
Qc2 Rac8 22. Rae1 f6 23. Bxd6 Bxd6 24. Bg6 Red8 25. Nf5 Bb4 26. Rd1 b6 27. Qb1
c5 28. dxc5 bxc5 29. e4 d4 30. Qc1 d3 31. Qf4 c4 32. Nxh6 gxh6 33. Qxf6+ Kg8
34. bxc4 Qe7 35. Qb2 Rxc4 36. f4 Qg7 37. Qxg7+ Kxg7 38. f5 Rxe4 0-1

[Event "4NCL-9899A WG-HH"]
[Site "Rd1-Warwick"]
[Date "1998.10.24"]
[Round "1.7"]
[White "Sowray, Peter"]
[Black "Black, Richard"]
[Result "0-1"]
[WhiteElo "2320"]
[BlackElo "2240"]
[PlyCount "100"]
[EventDate "1998.10.24"]

1. e4 g6 2. d4 Bg7 3. Nc3 c6 4. Be3 d6 5. Qd2 Nd7 6. Nf3 b5 7. a4 b4 8. Nd1 a5
9. c3 bxc3 10. Nxc3 Ngf6 11. h3 O-O 12. e5 Ne8 13. Rc1 dxe5 14. dxe5 Nc7 15.
Rd1 Ne6 16. Qc2 Qc7 17. Qe4 Rb8 18. Nd4 Nxe5 19. f4 Rxb2 20. fxe5 Bxe5 21. Be2
Bxd4 22. Bxd4 Qg3+ 23. Kf1 c5 24. Qe5 Qxe5 25. Bxe5 f6 26. Bh2 Nd4 27. Bc4+ Kg7
28. Ne2 e5 29. g4 Bb7 30. Kf2 Bxh1 31. Rxh1 Nxe2 32. Bxe2 Rd8 33. g5 Rdd2 34.
Re1 c4 35. Ke3 Rd4 36. gxf6+ Kxf6 37. Rf1+ Ke6 38. Bg3 Rb3+ 39. Kf2 Rd2 40. Re1
c3 41. Kf1 Rb4 42. Bg4+ Kd5 43. Bxe5 c2 44. Bf3+ Kc4 45. Bf4 Rd8 46. Bg5 Rb1
47. Bc1 Kc3 48. Ba3 Kb3 49. Bc1 Rxc1 50. Rxc1 Kb2 0-1

[Event "4NCL-9899A WG-HH"]
[Site "Rd1-Warwick"]
[Date "1998.10.24"]
[Round "1.8"]
[White "Hennigan, Rita"]
[Black "Jackson, Sheila"]
[Result "1/2-1/2"]
[WhiteElo "2215"]
[BlackElo "2165"]
[PlyCount "74"]
[EventDate "1998.10.24"]

1. d4 Nf6 2. Nf3 e6 3. Bf4 b6 4. e3 Bb7 5. Nbd2 Be7 6. h3 O-O 7. Bd3 d5 8. O-O
c5 9. c3 Nc6 10. Ne5 Rc8 11. Bh2 Nxe5 12. dxe5 Ne4 13. Re1 Nxd2 14. Qxd2 Qd7
15. Rad1 Rfd8 16. Qe2 g6 17. Qg4 b5 18. Bf4 Bc6 {(draw offer)} 19. h4 h5 20.
Qg3 Kg7 21. Bg5 Rc7 22. f4 Rb7 23. e4 Bxg5 24. Qxg5 Qe7 25. Qxe7 Rxe7 26. exd5
Rxd5 27. Be2 Rxd1 28. Rxd1 Rd7 29. Rxd7 Bxd7 30. Bf3 Kf8 31. b4 cxb4 32. cxb4
Ke7 33. Kf2 Kd8 34. Ke3 Kc7 35. Kd4 Kb6 36. g3 Bc6 37. Be2 Bd5 1/2-1/2

[Event "4NCL-9899A BA2-BR"]
[Site "Rd2-Warwick"]
[Date "1998.10.25"]
[Round "2.1"]
[White "Crouch, Colin"]
[Black "Ansell, Simon"]
[Result "0-1"]
[WhiteElo "2410"]
[BlackElo "2380"]
[PlyCount "106"]
[EventDate "1998.10.25"]

1. d4 d5 2. c4 c6 3. Nf3 Nf6 4. Nc3 dxc4 5. a4 Bf5 6. e3 e6 7. Bxc4 Bb4 8. O-O
Nbd7 9. Qe2 Bg6 10. Ne5 Qc7 11. f4 Bh5 12. Qc2 O-O 13. Bd3 Rad8 14. Bd2 c5 15.
Ne4 Bxd2 16. Nxd2 Qd6 17. Ndc4 Qe7 18. Nxd7 Rxd7 19. Ne5 Rc7 20. dxc5 Rxc5 21.
Qf2 Nd7 22. Nxd7 Qxd7 23. e4 b6 24. Ra3 e5 25. b4 Rc7 26. Bb5 Qe7 27. Rh3 Bg4
28. Rg3 Bd7 29. f5 f6 30. Qa2+ Qf7 31. Qxf7+ Kxf7 32. Be2 Bxa4 33. b5 Rfc8 34.
Re3 Ke7 35. Ra1 Bc2 36. Bf3 Rd8 37. Rea3 Rdd7 38. h3 Bd3 39. Rb3 Bc4 40. Rb4
Rd4 41. Rba4 Bxb5 42. Rxa7 Rxa7 43. Rxa7+ Bd7 44. Kf2 b5 45. Ke3 b4 46. Be2 Kd6
47. Bd3 Kc5 48. Bc2 Kb6 49. Ra8 Bc6 50. Rb8+ Bb7 51. g4 Rc4 52. Kd3 Rc3+ 53.
Kd2 Rc8 0-1

[Event "4NCL-9899A BA2-BR"]
[Site "Rd2-Warwick"]
[Date "1998.10.25"]
[Round "2.2"]
[White "Mah, Karl"]
[Black "Lewis, Andrew P"]
[Result "1-0"]
[WhiteElo "2330"]
[BlackElo "2275"]
[PlyCount "61"]
[EventDate "1998.10.25"]

1. d4 g6 2. e4 c6 3. Bd3 d5 4. e5 h5 5. Ne2 Bg4 6. h3 Bxe2 7. Qxe2 e6 8. Be3
Nd7 9. Nd2 Be7 10. O-O-O b5 11. g4 Nb6 12. f4 Nc4 13. f5 Nxe3 14. Qxe3 Bg5 15.
Qf2 Ne7 16. fxe6 fxe6 17. Kb1 Rf8 18. Qg2 Bxd2 19. Qxd2 Kd7 20. Rdf1 hxg4 21.
hxg4 Rxf1+ 22. Rxf1 a5 23. Rf7 Qg8 24. Qf4 Ke8 25. Rf6 g5 26. Qf1 Rb8 27. Qh1
Kd7 28. Qh6 Re8 29. Bh7 Qh8 30. Rxe6 Kc7 31. Rxe7+ 1-0

[Event "4NCL-9899A BA2-BR"]
[Site "Rd2-Warwick"]
[Date "1998.10.25"]
[Round "2.3"]
[White "Pert, Richard"]
[Black "Buckley, Graeme"]
[Result "1/2-1/2"]
[WhiteElo "2240"]
[BlackElo "2295"]
[PlyCount "91"]
[EventDate "1998.10.25"]

1. e4 c5 2. Nf3 e6 3. Nc3 d6 4. Bb5+ Bd7 5. a4 Nc6 6. O-O Nf6 7. d3 Be7 8. Ne2
a6 9. Bxc6 Bxc6 10. Ng3 b5 11. Re1 bxa4 12. e5 Ng4 13. exd6 Qxd6 14. h3 Nf6 15.
Ne5 O-O 16. Bf4 Rfd8 17. Nh5 Qd5 18. Nxc6 Qxc6 19. Bg5 Nxh5 20. Bxe7 {
(Draw offer)} Rd5 21. Qg4 Qb7 22. Bg5 Qxb2 23. Qxh5 h6 24. Qg4 hxg5 25. Qxa4
Qc3 26. Reb1 Rf5 27. Qc6 Rd8 28. Ra2 Qd4 29. Rf1 Rb8 30. Ra4 Rb4 31. Rxb4 cxb4
32. Qxa6 Rc5 33. Qa2 Kh7 34. Rb1 Rf5 35. Rf1 Re5 36. Qa1 Qd6 37. Qd1 Rf5 38.
Qh5+ Kg8 39. Ra1 Qd8 40. Qg4 Rf4 41. Qe2 g6 42. Qe5 Rf5 43. Qe4 Qf6 44. Qe1 Qd4
{(Draw offer)} 45. Ra4 Qc5 46. Qd2 1/2-1/2

[Event "4NCL-9899A BA2-BR"]
[Site "Rd2-Warwick"]
[Date "1998.10.25"]
[Round "2.4"]
[White "Beaumont, Chris"]
[Black "Duncan, Chris"]
[Result "1-0"]
[WhiteElo "2330"]
[BlackElo "2265"]
[PlyCount "119"]
[EventDate "1998.10.25"]

1. Nf3 d5 2. c4 dxc4 3. Qa4+ Nc6 4. g3 Bg4 5. Bg2 Qd7 6. Qxc4 e5 7. Nc3 O-O-O
8. O-O f6 9. d3 g5 10. Be3 h5 11. Rfc1 Kb8 12. Ne4 Bh3 13. Bxh3 Qxh3 14. Qa4
Qd7 15. Nxf6 Nxf6 16. Rxc6 Qxc6 17. Qxa7+ Kc8 18. Qa8+ Kd7 19. Nxe5+ Ke8 20.
Qxd8+ Kxd8 21. Nxc6+ bxc6 22. Bxg5 Bg7 23. Rc1 Kd7 24. Bxf6 Bxf6 25. b3 Kd6 26.
Kg2 c5 27. f4 Bd4 28. Kf3 Re8 29. e4 Ra8 30. Rc2 Ke6 31. h3 Kd6 32. g4 hxg4+
33. hxg4 Rh8 34. Kg3 Rh1 35. g5 Rd1 36. Kg4 Ke6 37. Rh2 Rxd3 38. Rh6+ Kd7 39.
Kf5 Rd2 40. Rh7+ Ke8 41. Rxc7 Rxa2 42. g6 Kf8 43. e5 Ra6 44. Rf7+ Kg8 45. Rf6
Ra1 46. Rb6 Rf1 47. Rb8+ Kg7 48. Rb7+ Kf8 49. g7+ Kg8 50. Kg6 Rg1+ 51. Kf6 Kh7
52. f5 Rg3 53. b4 c4 54. Rc7 c3 55. Rc4 Rg4 56. Ke6 c2 57. f6 Re4 58. Kf7 Rg4
59. Rxc2 Bxe5 60. Rc8 1-0

[Event "4NCL-9899A BA2-BR"]
[Site "Rd2-Warwick"]
[Date "1998.10.25"]
[Round "2.5"]
[White "Sands, David"]
[Black "Cobb, Charles"]
[Result "1/2-1/2"]
[WhiteElo "2245"]
[BlackElo "2275"]
[PlyCount "41"]
[EventDate "1998.10.25"]

1. d4 Nf6 2. c4 e6 3. Nc3 Bb4 4. Qc2 O-O 5. a3 Bxc3+ 6. Qxc3 b6 7. Bg5 Bb7 8.
e3 d6 9. f3 Nbd7 10. Bd3 d5 11. cxd5 exd5 12. Bf5 Re8 13. Bxd7 Qxd7 14. Bxf6
gxf6 15. Nh3 Rxe3+ 16. Qxe3 Re8 17. Qxe8+ Qxe8+ 18. Kf2 Qa4 19. b4 Qc2+ 20. Kg3
Qg6+ 21. Kf2 1/2-1/2

[Event "4NCL-9899A BA2-BR"]
[Site "Rd2-Warwick"]
[Date "1998.10.25"]
[Round "2.6"]
[White "Collier, David"]
[Black "Kenworthy, Gary"]
[Result "1/2-1/2"]
[WhiteElo "2245"]
[BlackElo "2275"]
[PlyCount "43"]
[EventDate "1998.10.25"]

1. d4 g6 2. c4 Bg7 3. Nc3 d6 4. e4 Nc6 5. Be3 e5 6. d5 Nce7 7. Bd3 f5 8. exf5
Nxf5 9. Bxf5 Bxf5 10. Nge2 Nf6 11. f3 O-O 12. O-O c5 13. Qd2 a6 14. a4 Rb8 15.
Ng3 Qd7 16. Nge4 Bxe4 17. fxe4 Nh5 18. Rxf8+ Rxf8 19. Rf1 Nf4 20. g3 Nh5 21.
Rxf8+ Bxf8 22. Qf2 1/2-1/2